[Event "SVK-chT2C 10/11"]
[Site "Slovakia"]
[Date "2011.03.26"]
[Round "10.4"]
[White "Auxt, Jan"]
[Black "Gregor, Zdenek"]
[Result "1-0"]
[WhiteElo "1646"]
[BlackElo "1815"]
[PlyCount "31"]
[EventDate "2010.10.23"]
[EventType "team-tourn"]
[EventRounds "11"]
[EventCountry "SVK"]
[SourceTitle "EXT 2019"]
[Source "ChessBase"]
[SourceDate "2018.10.10"]
[SourceVersion "1"]
[SourceVersionDate "2018.10.10"]
[SourceQuality "1"]
[WhiteTeam "Banska Bystrica Kurta"]
[BlackTeam "Banska Bystrica TH Junior "]
[WhiteTeamCountry "SVK"]
[BlackTeamCountry "SVK"]

1. e4 e6 2. c4 d5 3. exd5 exd5 4. cxd5 Qxd5 5. Nc3 Qd8 6. d4 Nf6 7. Be3 Bd6 8. Nf3 0-0 9. h3 Nc6 10. Rc1 Bf5 11. g4 Be6 12. a3 a6 13. Be2 Nd5 14. 0-0 Nf4 15. Ng5 Nxe2+ 16. Qxe2 1-0

[Event "SVK-ch qf 38th corr"]
[Site "Slovakia"]
[Date "2005.??.??"]
[Round "?"]
[White "Auxt, Jan"]
[Black "Cipka, Ivan"]
[Result "1/2-1/2"]
[WhiteElo "1949"]
[BlackElo "1965"]
[PlyCount "30"]
[EventDate "2005.06.15"]
[EventType "tourn (corr)"]
[EventRounds "6"]
[EventCountry "SVK"]
[SourceTitle "Corr 2008"]
[Source "ChessBase"]
[SourceDate "2008.06.24"]
[SourceVersion "1"]
[SourceVersionDate "2008.06.24"]
[SourceQuality "1"]

1. e4 e5 2. Nf3 Nf6 3. Nxe5 d6 4. Nf3 Nxe4 5. d4 d5 6. Bd3 Bd6 7. 0-0 0-0 8. c4 c6 9. Nc3 Nxc3 10. bxc3 dxc4 11. Bxc4 Bg4 12. Qd3 Nd7 13. Ng5 Nf6 14. h3 Bh5 15. f4 h6 1/2-1/2

[Event "SVK-ch qf 38th corr"]
[Site "Slovakia"]
[Date "2005.??.??"]
[Round "?"]
[White "Auxt, Jan"]
[Black "Murin, Pavol"]
[Result "0-1"]
[WhiteElo "1949"]
[BlackElo "2057"]
[PlyCount "62"]
[EventDate "2005.06.15"]
[EventType "tourn (corr)"]
[EventRounds "6"]
[EventCountry "SVK"]
[SourceTitle "Corr 2008"]
[Source "ChessBase"]
[SourceDate "2008.06.24"]
[SourceVersion "1"]
[SourceVersionDate "2008.06.24"]
[SourceQuality "1"]

1. e4 c5 2. Nf3 d6 3. d4 cxd4 4. Nxd4 Nf6 5. Nc3 a6 6. Bg5 e6 7. f4 Be7 8. Qf3 Qc7 9. 0-0-0 Nbd7 10. g4 b5 11. Bxf6 Nxf6 12. g5 Nd7 13. f5 Bxg5+ 14. Kb1 Ne5 15. Qh5 Qe7 16. Nxe6 g6 17. Qxg5 fxe6 18. f6 Qd8 19. Bh3 Ra7 20. Rhf1 Rf7 21. Rf2 Qb6 22. Qh4 Rhf8 23. Rdf1 b4 24. Ne2 Nc4 25. Nc1 Qd4 26. Nd3 Bd7 27. Qg5 a5 28. e5 Nxe5 29. Rd2 h6 30. Qxh6 Rxf6 31. Nc1 Qc5 0-1

[Event "SVK-ch qf 38th corr"]
[Site "Slovakia"]
[Date "2005.??.??"]
[Round "?"]
[White "Bujdak, Pavol"]
[Black "Auxt, Jan"]
[Result "0-1"]
[WhiteElo "2058"]
[BlackElo "1949"]
[PlyCount "80"]
[EventDate "2005.06.15"]
[EventType "tourn (corr)"]
[EventRounds "6"]
[EventCountry "SVK"]
[SourceTitle "Corr 2008"]
[Source "ChessBase"]
[SourceDate "2008.06.24"]
[SourceVersion "1"]
[SourceVersionDate "2008.06.24"]
[SourceQuality "1"]

1. d4 Nf6 2. c4 e6 3. Nf3 b6 4. Nc3 Bb4 5. Bg5 Bb7 6. Nd2 h6 7. Bh4 Bxc3 8. bxc3 g5 9. Bg3 d6 10. f3 Nbd7 11. e4 Qe7 12. Bd3 Nh5 13. Bf2 Nf4 14. Bf1 f5 15. g3 Nh5 16. exf5 exf5+ 17. Be2 0-0-0 18. 0-0 f4 19. Bd3 g4 20. Be4 Bxe4 21. fxe4 fxg3 22. hxg3 Nhf6 23. Re1 h5 24. Qa4 Kb8 25. c5 dxc5 26. e5 Nd5 27. Qb3 Nf8 28. c4 Nb4 29. a3 Nc6 30. d5 Nxe5 31. a4 a5 32. Re3 Nfg6 33. Rae1 Rdf8 34. R1e2 h4 35. Be1 Rf5 36. Rf2 Rhf8 37. Rxf5 Rxf5 38. Bf2 h3 39. Be1 Qf6 40. Qc2 Nf3+ 0-1